000
00299nam a2200109Ia 4500
008
201231s9999 xx 000 0 und d
100
_a
Harver Business Review
245
0
_a
Harvard Business Review Library 1982 Index
260
_a
Boston
_b
Harvard Business School Press
300
_a
116
942
_c
BK
999
_c
10090
_d
10090